International and comparative librarianship and information systems / (Record no. 26874)

MARC details
000 -LEADER
fixed length control field 01017nam a22002537a 4500
005 - DATE AND TIME OF LATEST TRANSACTION
control field 20090527162238.0
008 - FIXED-LENGTH DATA ELEMENTS--GENERAL INFORMATION
fixed length control field 090527t xxu||||| |||| 00| 0 eng d
010 ## - LCCN (DPL NO)
LC control number ENG-93767
020 ## - INTERNATIONAL STANDARD BOOK NUMBER
International Standard Book Number 8188631566
Terms of availability 400.00
035 ## - SYSTEM CONTROL NUMBER
System control number EN-77300
037 ## - SOURCE OF ACQUISITION
Source of stock number/acquisition DBAD / PUB
040 ## - CATALOGING SOURCE
Original cataloging agency dpl
Language of cataloging English
082 ## - DEWEY DECIMAL CLASSIFICATION NUMBER
Classification number 020.954
100 ## - MAIN ENTRY--PERSONAL NAME
Personal name Bhupendra Narayan Singh
245 ## - TITLE STATEMENT
Title International and comparative librarianship and information systems /
Statement of responsibility, etc by Bhupendra Narayan Singh
260 ## - PUBLICATION, DISTRIBUTION, ETC. (IMPRINT)
Place of publication, distribution, etc Delhi
Name of publisher, distributor, etc Kunal Prakashan
Date of publication, distribution, etc 2008
270 ## - ADDRESS
Address L-45, Gali No. 5, Shivaji Marg, Kartar Nagar,
City Delhi
Postal code 110053
300 ## - PHYSICAL DESCRIPTION
Extent viii, 280p.
Dimensions 23cm(Hb)
500 ## - GENERAL NOTE
General note Includes glossary, bibliographical references and index
650 ## - SUBJECT ADDED ENTRY--TOPICAL TERM
Topical term or geographic name as entry element Library science
Geographic subdivision India
650 ## - SUBJECT ADDED ENTRY--TOPICAL TERM
Topical term or geographic name as entry element Comparative librarianship
942 ## - ADDED ENTRY ELEMENTS (KOHA)
Source of classification or shelving scheme Dewey Decimal Classification
Item type English Books
Classification part 020.954
Call number suffix BHU
Holdings
Withdrawn status Lost status Source of classification or shelving scheme Damaged status Not for loan Collection code Home library Current library Date acquired Source of acquisition Cost, normal purchase price Total Checkouts Full call number Barcode Date last seen Copy number Cost, replacement price Koha item type
    Dewey Decimal Classification   Not For Loan Non-fiction D.B.Act.Division D.B.Act.Division 27/05/2009 DBAD / PUB 400.00   020.954 BHU EN-77300 27/05/2009 1 400.00 English Books

© Delhi Public Library
Hit Counter
free hit counter